Click the James Bond Movie Title Ending - Statistics

General Stats
  • This quiz has been taken 79 times
  • The average score is 14 of 15
Answer Stats
Hint Answer % Correct
The Man with the Golden Gun
99%
From Russia With Love
99%
The Spy Who Loved Me
99%
For Your Eyes Only
99%
Casino Royale
99%
You Only Live Twice
99%
Die Another Day
97%
The World Is Not Enough
97%
On Her Majesty's Secret Service
97%
Diamonds Are Forever
96%
Quantum of Solace
96%
No Time to Die
93%
A View to a Kill
93%
The Living Daylights
91%
Dr. No
91%
No matching quizzes found
Score Distribution
Percent of People with Each Score
Percentile by Number Answered
Your Score History
You have not taken this quiz